00453nam a22001217a 450000500170000000800410001704000180005810000200007624501390009626000480023530000240028365000240030720250303133326.0250303b |||||||| |||| 00| 0 eng d aKMUcKMUdKMU aBesa, Emmanuel  aAssessing the Profitability of Fish Trade in Muchinga Province: Case of Chinsali District, Muchinga Province of Zambia/cEmmanuel Besa aChinsali:bKapasa Makasa University,c2021. a28p.:bill;c30 cm. aFisheries and Aquac